000 01184nam a2200313 i 4500
001 8942
003 KOSZ 005
005 20220530124224.0
008 070923s1968 pl a f 001 0 pol
015 _aPB 1968/10058
040 _aWA N
_cWA N
_dKOSZ 005/RW
041 1 _apol
_hfre
080 _a159.92
100 1 _aNuttin, Joseph
_d(1909-1988).
_eAutor
245 1 0 _aStruktura osobowości /
_cJoseph Nuttin ; tł. Tamara Kołakowska ; [przedm. T. Tomaszewski].
246 1 _iTyt. oryg.:
_aStructure de la personnalité
260 _aWarszawa :
_bPaństwowe Wydawnictwo Naukowe,
_c1968.
300 _a298, [2] s., [1] k. tabl. :
_bil. ;
_c18 cm.
380 _aKsiążki.
500 _aTyt. oryg.: La structure de la personnalité.
504 _aBibliogr. s. 290-[295]. Indeks.
650 4 _aPsychologia osobowości
658 _aPsychologia
700 1 _aKołakowska, Tamara
_eTłumaczenie
700 1 _aTomaszewski, Tadeusz
_d(1910-2000).
_ePrzedmowa
710 2 _aPaństwowe Wydawnictwo Naukowe
_4pbl.
856 _uhttp://koha.tu.koszalin.pl/cgi-bin/koha/opac-detail.pl?biblionumber=8942
_yKatalog online BPK
942 _2UKD
_cKS
999 _c8942
_d8942